| 000 | 00427nam a2200181Ia 4500 | ||
|---|---|---|---|
| 999 |
_c34083 _d34083 |
||
| 003 | 0100 | ||
| 005 | 20180308145947.0 | ||
| 008 | 130303s9999 xx 000 0 und d | ||
| 040 | _cARRUPELIB | ||
| 050 | _aDT962.42.K54 1970 | ||
| 245 |
_aShona customs: _bessays by African writers / |
||
| 260 |
_aGweru _bMambo Press _c1970 |
||
| 300 | _a104p. | ||
| 300 | _b 21cm | ||
| 650 |
_aShona (African people) _915952 |
||
| 700 |
_aKileff, Peggy ; Kileff, Clive (ed) _940397 |
||
| 942 |
_2lcc _cMONOGRAPH |
||